[Event "Post- SV Ulm-SV Tuebingen"]
[Site "?"]
[Date "2002.11.10"]
[Round "2.6"]
[White "Doerflinger, Josef"]
[Black "Trettin, Ulrich"]
[Result "1-0"]
[WhiteElo "2239"]
[BlackElo "2040"]
[PlyCount "73"]
[EventDate "2002.??.??"]

1. Nf3 Nf6 2. g3 g6 3. Bg2 Bg7 4. d3 O-O 5. e4 d6 6. O-O e5 7. Nbd2 Nbd7 8. c3
Re8 9. Re1 Nf8 10. d4 Qe7 11. h3 Nh5 12. Nf1 Ne6 13. Ne3 c6 14. Ng4 Nf8 15. Bg5
Qc7 16. Nh6+ Kh8 17. dxe5 dxe5 18. Qd6 Qb6 19. Nxf7+ Kg8 20. N7xe5 Re6 21. Qd4
Qxb2 22. Qc4 Kh8 23. Nf7+ Kg8 24. Nh6+ Kh8 25. Nd4 b5 26. Qb3 Qxb3 27. axb3 Re8
28. Nf7+ Kg8 29. Nd6 Re5 30. Bf4 Rc5 31. Rec1 Nxf4 32. gxf4 b4 33. e5 bxc3 34.
b4 Rd5 35. Bxd5+ cxd5 36. Rxc3 Bh6 37. Rxc8 1-0

[Event "Post- SV Ulm-SV Tuebingen"]
[Site "?"]
[Date "2002.11.10"]
[Round "2.7"]
[White "Moser, Gotthard"]
[Black "Schulze, Andreas"]
[Result "1/2-1/2"]
[WhiteElo "2030"]
[BlackElo "2160"]
[PlyCount "91"]
[EventDate "2002.??.??"]

1. Nc3 Nf6 2. e4 d5 3. exd5 Nxd5 4. Bc4 e6 5. Qf3 Nb6 6. Bb3 Bd7 7. d3 Bc6 8.
Qg3 Qf6 9. Bf4 Bd6 10. Nge2 Bxf4 11. Nxf4 h5 12. O-O-O Na6 13. d4 O-O-O 14. d5
exd5 15. Nfxd5 Nxd5 16. Bxd5 Nb4 17. Bxc6 Nxc6 18. Nd5 Qh6+ 19. Kb1 Rd6 20. Ne3
h4 21. Qg4+ Re6 22. Rd5 Kb8 23. Rhd1 a6 24. Rd7 Ne5 25. Rd8+ Rxd8 26. Rxd8+ Ka7
27. Qd4+ b6 28. Qd5 Nc6 29. Rd7 Qf4 30. a3 Kb8 31. Qd3 Ne5 32. Rd8+ Kb7 33. Qd2
Nc6 34. Rd7 Rd6 35. Rxc7+ Kb8 36. Qc1 Qf6 37. Rxc6 Rxc6 38. Qf1 Kb7 39. Nd5 Qd6
40. Nb4 Rc5 41. Qxa6+ Kb8 42. Qe2 Rc8 43. h3 g5 44. Qf3 Qe6 45. Qd1 f5 46. f3
1/2-1/2

[Event "Post- SV Ulm-SV Tuebingen"]
[Site "?"]
[Date "2002.11.10"]
[Round "2.8"]
[White "Stiller, Patrick"]
[Black "Koppenhoefer, Bernhard"]
[Result "1-0"]
[WhiteElo "2155"]
[BlackElo "2008"]
[PlyCount "99"]
[EventDate "2002.??.??"]

1. d4 Nf6 2. c4 g6 3. Nc3 d5 4. cxd5 Nxd5 5. e4 Nxc3 6. bxc3 Bg7 7. Nf3 O-O 8.
Be2 c5 9. O-O Nc6 10. Be3 cxd4 11. cxd4 Bg4 12. d5 Bxf3 13. Bxf3 Ne5 14. Be2
Rc8 15. Qa4 a6 16. Rab1 b5 17. Qxa6 Ra8 18. Qxb5 Rxa2 19. f4 Nd7 20. Bf3 Ra3
21. Rb3 Qa8 22. Rxa3 Qxa3 23. Bf2 Nb8 24. Bc5 Qc3 25. Bxe7 Qe3+ 26. Kh1 Qxf4
27. Bxf8 Bxf8 28. g3 Qd6 29. Bg4 Qe5 30. Qd3 Bd6 31. Qf3 Qe7 32. Qd3 Kg7 33.
Rb1 h5 34. Bc8 Qg5 35. Qf3 h4 36. Rf1 hxg3 37. hxg3 f6 38. Kg2 Be5 39. Qg4 Qh6
40. Rf2 Qe3 41. Bf5 Qh6 42. Ra2 Bd4 43. e5 fxe5 44. Be4 Qc1 45. Qxg6+ Kf8 46.
Rc2 Qg1+ 47. Kh3 Qf1+ 48. Kh4 Qa6 49. d6 Nd7 50. Bd5 1-0

[Event "SV Tuebingen-SV Wolfbusch"]
[Site "?"]
[Date "2002.12.01"]
[Round "3.1"]
[White "Leyrer, Achim"]
[Black "Roth, Juergen"]
[Result "1/2-1/2"]
[WhiteElo "2206"]
[BlackElo "2254"]
[PlyCount "41"]
[EventDate "2002.??.??"]

1. e4 g6 2. d4 Bg7 3. Nc3 d6 4. Nf3 a6 5. Bg5 b5 6. a4 b4 7. Nd5 a5 8. c3 c6 9.
Ne3 Nf6 10. Qc2 O-O 11. Bc4 Bb7 12. e5 Nd5 13. Rd1 bxc3 14. bxc3 Qc7 15. exd6
exd6 16. O-O Nd7 17. Nxd5 cxd5 18. Bb5 Nf6 19. Rc1 Ne4 20. Bf4 Rfc8 21. Qd3
1/2-1/2

[Event "SV Tuebingen-SV Wolfbusch"]
[Site "?"]
[Date "2002.12.01"]
[Round "3.2"]
[White "Frick, Christoph"]
[Black "Dietrich, Frank"]
[Result "0-1"]
[WhiteElo "2193"]
[BlackElo "2180"]
[PlyCount "168"]
[EventDate "2002.??.??"]

1. Nc3 g6 2. e4 Bg7 3. g3 c5 4. Bg2 Nc6 5. d3 d6 6. Nh3 e6 7. O-O Nge7 8. Be3
O-O 9. Qd2 Nd4 10. Bh6 Bd7 11. Rae1 e5 12. Bxg7 Kxg7 13. f4 f6 14. Nd1 b5 15.
Ne3 h6 16. c3 Ndc6 17. Nf2 Qb6 18. Kh1 Rh8 19. Bh3 Bxh3 20. Nxh3 Raf8 21. Rf3
Qa6 22. a3 Qa4 23. g4 Qb3 24. Rg1 d5 25. Qg2 d4 26. Nd1 g5 27. fxe5 fxe5 28.
Rgf1 Ng6 29. Qd2 Nf4 30. Nxf4 exf4 31. cxd4 cxd4 32. Qc1 Rc8 33. Qc5 Rhe8 34.
h4 Re5 35. Qd6 Qe6 36. Qxe6 Rxe6 37. hxg5 hxg5 38. Rh3 Ne5 39. Nf2 Rc2 40. Kg1
Rec6 41. Rh5 Kg6 42. Nh3 Nf7 43. e5 Rxb2 44. Re1 Re6 45. Re4 f3 46. Kf1 a5 47.
Rxd4 b4 48. axb4 a4 49. b5 a3 50. Ra4 a2 51. d4 Rb1+ 52. Kf2 a1=Q 53. Rxa1 Rxa1
54. Kxf3 Rb1 55. Nf2 Rxb5 56. Rh1 Rb3+ 57. Ke4 Ra6 58. Nd3 Raa3 59. Nc5 Re3+
60. Kd5 Nh6 61. Rg1 Rg3 62. Rb1 Nxg4 63. Rb6+ Kf5 64. Rb7 Ra5 65. Kd6 Nxe5 66.
dxe5 Rxc5 67. Rf7+ Ke4 68. Kxc5 Kxe5 69. Kc4 g4 70. Rg7 Ke4 71. Rg8 Kf4 72. Kd4
Rf3 73. Rh8 Kg3 74. Ke4 Rf7 75. Ke3 Re7+ 76. Kd2 Kg2 77. Kd1 g3 78. Kd2 Kg1 79.
Kd1 g2 80. Kd2 Re5 81. Kd1 Kf2 82. Rf8+ Kg3 83. Rg8+ Kf3 84. Rf8+ Kg4 0-1

[Event "SV Tuebingen-SV Wolfbusch"]
[Site "?"]
[Date "2002.12.01"]
[Round "3.3"]
[White "Haecker, Johannes"]
[Black "Khadempour, Farhad"]
[Result "0-1"]
[WhiteElo "2166"]
[BlackElo "2168"]
[PlyCount "156"]
[EventDate "2002.??.??"]

1. d4 Nf6 2. Nf3 e6 3. Bg5 c5 4. c3 Be7 5. e3 b6 6. Nbd2 O-O 7. Bd3 d5 8. Qc2
h6 9. Bh4 Ba6 10. Bxa6 Nxa6 11. Ne5 Nb8 12. O-O Nfd7 13. Bxe7 Qxe7 14. f4 Nxe5
15. fxe5 Nc6 16. Nf3 Rac8 17. Qd3 Rc7 18. h3 c4 19. Qe2 b5 20. a3 a5 21. e4 Rb8
22. Nh2 Qd8 23. Ng4 Ne7 24. Qf3 Ng6 25. exd5 Qxd5 26. Qxd5 exd5 27. Ne3 Ne7 28.
Rf3 Rf8 29. Kh2 Rb7 30. g4 Rb6 31. Kg3 Re6 32. Ng2 Rb6 33. h4 Rd8 34. Ne3 Rd7
35. h5 Nc6 36. Ng2 Rb8 37. Nf4 Nd8 38. Kh4 Rb6 39. Rg3 g5+ 40. hxg6 fxg6 41. g5
h5 42. Re1 Kg7 43. e6 Re7 44. Rge3 Rd6 45. Re5 a4 46. R1e2 Kh7 47. Nxd5 Rexe6
48. Nf4 Rxe5 49. dxe5 Rd7 50. e6 Re7 51. Rd2 Nc6 52. Rd5 Na7 53. Rd7 Nc6 54.
Nd5 Rxd7 55. exd7 Kg7 56. Ne7 Nd8 57. Nc8 Kf7 58. Nd6+ Ke6 59. Nxb5 Kxd7 60.
Nd4 Nc6 61. Nc2 Ne5 62. Ne3 Kd6 63. Kg3 Kc5 64. Kf4 Nd3+ 65. Ke4 Nf2+ 66. Kf4
Nh3+ 67. Ke5 Nxg5 68. Kf6 Nf3 69. Kxg6 h4 70. Kf5 h3 71. Nf1 h2 72. Ng3 Ne1 73.
Nh1 Nd3 74. Ke4 Nxb2 75. Kf3 Nd1 76. Kg2 Nxc3 77. Nf2 Nb1 78. Kxh2 Nxa3 0-1

[Event "SV Tuebingen-SV Wolfbusch"]
[Site "?"]
[Date "2002.12.01"]
[Round "3.4"]
[White "Weber, Klaus"]
[Black "Hering, Frank"]
[Result "1-0"]
[WhiteElo "2138"]
[BlackElo "2120"]
[PlyCount "125"]
[EventDate "2002.??.??"]

1. e4 g6 2. d4 Bg7 3. Nc3 c5 4. Nf3 cxd4 5. Nxd4 d6 6. Be3 Nf6 7. f3 a6 8. Bc4
Nc6 9. Bb3 Na5 10. Qd2 Nxb3 11. Nxb3 Be6 12. Bh6 Bxh6 13. Qxh6 Qb6 14. O-O-O
O-O-O 15. Nd4 Kb8 16. Nxe6 fxe6 17. Rhe1 e5 18. Rd2 Rc8 19. Qg7 Qd8 20. Qf7 Rf8
21. Qb3 g5 22. Qe6 Qd7 23. Qxd7 Nxd7 24. Nd5 Rf7 25. h4 Rg8 26. hxg5 Rxg5 27.
Rh1 h5 28. b4 Nf8 29. Ne3 Ne6 30. Nf5 Ng7 31. Ne3 Ne6 32. Rh2 Ng7 33. a4 Ne6
34. Kb2 Nf4 35. Nf5 Kc7 36. c4 b6 37. a5 bxa5 38. bxa5 Ne6 39. Kc3 Nc5 40. Rh1
Kd7 41. Rb1 Rf8 42. Ne3 e6 43. Rbd1 Nb7 44. c5 Rc8 45. Kb4 Nxc5 46. Rxd6+ Ke7
47. R6d2 Rgg8 48. Nc4 Rb8+ 49. Nb6 Nb7 50. Rc1 Kf7 51. Rc7+ Kg6 52. Nd7 Nd6+
53. Nxb8 Rxb8+ 54. Ka4 Nb5 55. Rc6 Kg5 56. Rb6 Rc8 57. Rxb5 axb5+ 58. Kxb5 Rb8+
59. Kc6 h4 60. a6 Rb3 61. Ra2 h3 62. gxh3 Rxf3 63. a7 1-0

[Event "SV Tuebingen-SV Wolfbusch"]
[Site "?"]
[Date "2002.12.01"]
[Round "3.5"]
[White "Flachsbart, Alexander"]
[Black "Schmidt, Olaf"]
[Result "0-1"]
[WhiteElo "2055"]
[BlackElo "2099"]
[PlyCount "58"]
[EventDate "2002.??.??"]

1. e4 d6 2. d4 Nf6 3. Nc3 g6 4. Nf3 Bg7 5. Bg5 Bg4 6. h3 Bxf3 7. Qxf3 O-O 8.
Qe3 c5 9. dxc5 Qa5 10. Bd3 dxc5 11. O-O Nc6 12. Nd5 Nd7 13. c3 e6 14. Ne7+ Nxe7
15. Bxe7 Rfe8 16. Bh4 h6 17. f4 Qb6 18. Qf2 Qc6 19. Rae1 c4 20. Bb1 e5 21. Rd1
exf4 22. Qxf4 Ne5 23. Bf2 g5 24. Qf5 Re6 25. h4 Rae8 26. hxg5 hxg5 27. Bd4 Qc7
28. Qxg5 Rg6 29. Bxe5 Qc5+ 0-1

[Event "SV Tuebingen-SV Wolfbusch"]
[Site "?"]
[Date "2002.12.01"]
[Round "3.6"]
[White "Moser, Gotthard"]
[Black "Huettig, Michael"]
[Result "0-1"]
[WhiteElo "2030"]
[BlackElo "2061"]
[PlyCount "88"]
[EventDate "2002.??.??"]

1. Nc3 Nf6 2. e4 e5 3. Nf3 Nc6 4. Bb5 Nd4 5. Ba4 Bc5 6. d3 Nxf3+ 7. Qxf3 c6 8.
Bg5 d6 9. O-O h6 10. Bxf6 Qxf6 11. Qg3 Qg5 12. Qxg5 hxg5 13. Bb3 a5 14. a4 g6
15. Ne2 Bb6 16. c3 Ke7 17. d4 Rh4 18. f3 f5 19. h3 Bd7 20. Rad1 Rah8 21. exf5
gxf5 22. Kh2 f4 23. Rh1 g4 24. fxg4 Bxg4 25. Rhe1 Kf6 26. Rd2 f3 27. gxf3 Rxh3+
28. Kg2 Bxf3+ 29. Kf2 e4 30. Ng1 Rh2+ 31. Ke3 Rxd2 32. Kxd2 Rh2+ 33. Kc1 Kf5
34. Bf7 Kf4 35. Be6 Bd8 36. Bc8 b6 37. Bb7 c5 38. Rf1 Rh1 39. Ne2+ Ke3 40. Rxh1
Bxh1 41. Ng3 Bf3 42. Nf5+ Kf2 43. Nxd6 e3 44. Ba6 cxd4 0-1

[Event "SV Tuebingen-SV Wolfbusch"]
[Site "?"]
[Date "2002.12.01"]
[Round "3.7"]
[White "Erben, Wolfgang"]
[Black "Koppenhoefer, Bernhard"]
[Result "1-0"]
[WhiteElo "2054"]
[BlackElo "2008"]
[PlyCount "75"]
[EventDate "2002.??.??"]

1. e4 c5 2. b3 Nf6 3. e5 Nd5 4. Bb2 Nc6 5. Nf3 d6 6. Bb5 Bd7 7. exd6 exd6 8.
O-O Be7 9. Bxg7 Rg8 10. Bh6 Bh3 11. Ne1 Bg5 12. Qf3 Be6 13. c4 Nf4 14. Bxc6+
bxc6 15. Qxc6+ Bd7 16. Qe4+ Ne6 17. Qxh7 Ke7 18. Nc3 Bc6 19. Nd5+ Bxd5 20. cxd5
Nd4 21. Bg7 Rxg7 22. Qxg7 Bf6 23. Qg4 Qh8 24. Qe4+ Kd7 25. Rb1 Re8 26. Qd3 Kc7
27. h3 Qh5 28. b4 Qxd5 29. bxc5 dxc5 30. Qa6 Nc6 31. Rb7+ Kd6 32. Qd3 Nd4 33.
Rxa7 c4 34. Qa3+ Ke6 35. Ra6+ Kf5 36. Ra5 Nb5 37. Qf3+ Qxf3 38. Rxb5+ 1-0

[Event "SV Tuebingen-SV Wolfbusch"]
[Site "?"]
[Date "2002.12.01"]
[Round "3.8"]
[White "Funke, Detlev"]
[Black "Haecker, Alexander"]
[Result "0-1"]
[WhiteElo "2113"]
[BlackElo "2114"]
[PlyCount "172"]
[EventDate "2002.??.??"]

1. c4 e6 2. Nf3 d5 3. g3 Nf6 4. Bg2 Be7 5. O-O O-O 6. d4 c6 7. Nc3 Nbd7 8. cxd5
exd5 9. Bf4 Re8 10. Re1 Nf8 11. Ne5 Bf5 12. h3 Ng6 13. Nxg6 Bxg6 14. a3 a5 15.
Rc1 Bd6 16. Bxd6 Qxd6 17. Na4 Be4 18. Nc5 Bxg2 19. Kxg2 Re7 20. e3 Ne4 21. Qb3
Nd2 22. Qc2 Ne4 23. Nxe4 Rxe4 24. Qb3 Re7 25. Rc5 h6 26. Rec1 Qd8 27. Qc3 a4
28. Qb4 Ra6 29. R1c2 Kh7 30. Qd2 Qb6 31. Qd3+ g6 32. Qe2 Kg7 33. Qg4 Qd8 34.
Qd1 Qb6 35. h4 h5 36. Qf3 Qd8 37. Rc1 Re4 38. R5c2 Rb6 39. Qd1 Rb3 40. Qd2 Qb6
41. Re1 f5 42. Re2 Qb5 43. Rc5 Qb6 44. Ra5 Rd3 45. Qxd3 Qxa5 46. Rc2 Qb6 47.
Qd2 Re8 48. Rc5 Ra8 49. Qc3 Kh7 50. Qc2 Kg7 51. Rc3 Ra6 52. b3 axb3 53. Rxb3
Qc7 54. Rc3 b5 55. Qb3 Qd6 56. Qb2 Ra4 57. Rb3 Rc4 58. Rb4 Kf6 59. Rb3 Qe7 60.
Rc3 Qd6 61. Rb3 Qc7 62. Rb4 Qa5 63. Qb3 Ke7 64. Qb2 Kf7 65. Qb3 Qa7 66. Qb2 Kf6
67. Kf1 Qe7 68. Rxc4 dxc4 69. Ke2 Qe4 70. Qc3 Ke6 71. Qd2 Qb1 72. Qc3 Kd5 73.
Qb4 Qxb4 74. axb4 c3 75. Kd3 c2 76. Kxc2 Kc4 77. f3 Kxb4 78. e4 fxe4 79. fxe4
Kc4 80. e5 Kd5 81. Kc3 c5 82. dxc5 Kxc5 83. e6 Kd6 84. Kb4 Kxe6 85. Kxb5 Kf5
86. Kc5 Kg4 0-1

[Event "VfL Sindelfingen-Post- SV Ulm"]
[Site "?"]
[Date "2002.12.01"]
[Round "3.1"]
[White "Mueller, Ralf"]
[Black "Weigand, Bernhard"]
[Result "1-0"]
[WhiteElo "2279"]
[BlackElo "2285"]
[PlyCount "111"]
[EventDate "2002.??.??"]

1. e4 c5 2. Nf3 Nc6 3. Bb5 e6 4. Bxc6 dxc6 5. d3 Qc7 6. e5 Ne7 7. Nc3 Ng6 8.
Qe2 Be7 9. h4 f6 10. Bd2 Bd7 11. h5 Nxe5 12. Nxe5 fxe5 13. h6 g6 14. Ne4 O-O-O
15. O-O-O Rhf8 16. Bg5 Be8 17. Be3 b6 18. Rh3 Bf7 19. Rf3 Bg8 20. Rxf8 Rxf8 21.
Rh1 Qd8 22. Rh3 Rf5 23. g4 Rf7 24. Rf3 Kd7 25. Rxf7 Bxf7 26. Qd2 g5 27. Bxg5
Bg6 28. Bxe7 Qxe7 29. g5 Bxe4 30. dxe4+ Kc7 31. Qe3 Qf7 32. Qg3 Kd6 33. g6 hxg6
34. Qh4 Qf8 35. h7 Qh8 36. Qh6 Ke7 37. Qxg6 Kf8 38. Qh6+ Kf7 39. Kd2 Qd8+ 40.
Ke2 Qh8 41. c4 b5 42. b3 a5 43. a4 bxa4 44. bxa4 Ke7 45. Kf3 Kf7 46. Kg4 Ke7
47. Qg6 Qf8 48. Qg5+ Kd7 49. Qxe5 Qxf2 50. h8=Q Qg2+ 51. Kh4 Qh1+ 52. Kg5 Qg2+
53. Kh6 Qh3+ 54. Qh5 Qe3+ 55. Kh7 Qxe4+ 56. Kg8 1-0

[Event "VfL Sindelfingen-Post- SV Ulm"]
[Site "?"]
[Date "2002.12.01"]
[Round "3.2"]
[White "Igney, Volkhard"]
[Black "Gruber, Thomas"]
[Result "1/2-1/2"]
[WhiteElo "2193"]
[BlackElo "2239"]
[PlyCount "82"]
[EventDate "2002.??.??"]

1. d4 c5 2. e3 Nf6 3. Nf3 g6 4. Be2 Bg7 5. O-O O-O 6. c4 cxd4 7. Nxd4 Nc6 8.
Nc3 Nxd4 9. exd4 d5 10. c5 b6 11. cxb6 Qxb6 12. Na4 Qd6 13. Be3 Bf5 14. Qd2 Ne4
15. Qa5 Rab8 16. b3 Qb4 17. Qxb4 Rxb4 18. f3 Rxd4 19. Rac1 Rxa4 20. bxa4 Nc3
21. Ba6 d4 22. Bd2 Rb8 23. g4 Be6 24. Bxc3 dxc3 25. Rb1 Bd4+ 26. Kg2 Rxb1 27.
Rxb1 Bxa2 28. Rc1 Bb3 29. a5 c2 30. Bd3 Be3 31. Bxc2 Bxc1 32. Bxb3 Kg7 33. Kg3
g5 34. Kf2 Kf6 35. Ke2 e6 36. Bc2 h6 37. Kf2 Bf4 38. h3 Bc7 39. a6 Ke5 40. Kg2
Kf4 41. Bb1 Ke5 1/2-1/2

[Event "VfL Sindelfingen-Post- SV Ulm"]
[Site "?"]
[Date "2002.12.01"]
[Round "3.3"]
[White "Oberst, Thomas"]
[Black "Carstens, Andreas"]
[Result "1-0"]
[WhiteElo "2227"]
[BlackElo "2167"]
[PlyCount "93"]
[EventDate "2002.??.??"]

1. e4 d6 2. Nc3 g6 3. g3 Bg7 4. Bg2 e5 5. d3 Nc6 6. Nge2 h5 7. h3 Be6 8. Nd5
Qd7 9. c3 h4 10. g4 f5 11. Bg5 Nd8 12. exf5 gxf5 13. gxf5 Bxf5 14. Be4 Bxe4 15.
dxe4 c6 16. Nb4 Ne6 17. Be3 Nf6 18. f3 Bh6 19. Qd2 Bxe3 20. Qxe3 Nc5 21. O-O-O
O-O-O 22. Nd3 Nxd3+ 23. Rxd3 Kb8 24. f4 exf4 25. Qxf4 Qe6 26. Rhd1 Qxe4 27.
Qxf6 Qxe2 28. Rxd6 Qe3+ 29. Kb1 Rc8 30. Rd7 Qxh3 31. Qf7 Qe3 32. Rxb7+ Ka8 33.
Re7 Qb6 34. Rdd7 Qg1+ 35. Kc2 Qg2+ 36. Rd2 Qg1 37. Rd4 Qh2+ 38. Kc1 Qg1+ 39.
Kd2 Qg5+ 40. Kc2 Qg2+ 41. Kb3 Rb8+ 42. Kc4 Rb4+ 43. Kxb4 Qxb2+ 44. Ka4 Qb5+ 45.
Ka3 Qc5+ 46. Kb3 h3 47. Re8+ 1-0

[Event "VfL Sindelfingen-Post- SV Ulm"]
[Site "?"]
[Date "2002.12.01"]
[Round "3.4"]
[White "Fahnenschmidt, Gerhard"]
[Black "Kaiser, Dieter"]
[Result "0-1"]
[WhiteElo "2101"]
[BlackElo "2280"]
[PlyCount "80"]
[EventDate "2002.??.??"]

1. d4 Nf6 2. c4 e6 3. g3 d5 4. Bg2 dxc4 5. Nf3 Nc6 6. O-O Rb8 7. Ne5 Nxe5 8.
dxe5 Qxd1 9. Rxd1 Nd7 10. Be3 Bc5 11. Rxd7 Bxe3 12. Rxc7 Bc1 13. Nc3 Bxb2 14.
Rb1 Bxc3 15. Bc6+ Kf8 16. Rd1 g6 17. Rd8+ Kg7 18. Be8 Bxe5 19. Rxf7+ Kh6 20. f4
Bd6 21. g4 Bc5+ 22. Kg2 Bb6 23. g5+ Kh5 24. Rd6 Rxe8 25. Kg3 Rh8 26. e4 e5 27.
f5 Kxg5 28. h4+ Kh6 29. h5 Kxh5 30. fxg6 hxg6 31. Rf1 Kg5 32. Rff6 Rh6 33. Rf7
Bg4 34. Re7 Rh3+ 35. Kg2 Rbh8 36. Rxb6 axb6 37. Rf7 Rh2+ 38. Kg1 Rh1+ 39. Kf2
R8h2+ 40. Kg3 Re2 0-1

[Event "VfL Sindelfingen-Post- SV Ulm"]
[Site "?"]
[Date "2002.12.01"]
[Round "3.5"]
[White "Pieper, Thomas"]
[Black "Kotlyar, Dimitri"]
[Result "1/2-1/2"]
[WhiteElo "2210"]
[BlackElo "2090"]
[PlyCount "113"]
[EventDate "2002.??.??"]

1. e4 e6 2. d4 d5 3. Nc3 Nf6 4. e5 Nfd7 5. f4 c5 6. Nf3 Nc6 7. Be3 a6 8. Qd2
cxd4 9. Nxd4 Bc5 10. O-O-O O-O 11. h4 Nxd4 12. Bxd4 b5 13. h5 b4 14. Na4 Bxd4
15. Qxd4 a5 16. Bb5 Rb8 17. Bd3 f6 18. exf6 Qxf6 19. Qxf6 Nxf6 20. Nc5 Ng4 21.
Rh4 e5 22. fxe5 Nxe5 23. Rd4 Bg4 24. Re1 Nxd3+ 25. Nxd3 Bxh5 26. Rxd5 Bg6 27.
Ne5 Rbe8 28. g4 Rf4 29. Red1 Be4 30. Rc5 h5 31. gxh5 Rf5 32. Nd7 Rxc5 33. Nxc5
Bf3 34. Rg1 Bxh5 35. Rg5 Re1+ 36. Kd2 Rd1+ 37. Ke3 Bf7 38. Nd3 Bxa2 39. Rxa5 b3
40. c4 Bb1 41. Nc5 Bg6 42. Rb5 Rc1 43. Kd4 Bf7 44. Rb4 Rc2 45. Nd3 g5 46. Ne5
Rxb2 47. Rb8+ Kg7 48. Rb7 Rf2 49. c5 Kf8 50. Nxf7 Rxf7 51. c6 b2 52. Rxb2 Rf4+
53. Kd5 Ke7 54. Kc5 Kd8 55. Kb6 Kc8 56. Rb5 g4 57. Rg5 1/2-1/2

[Event "VfL Sindelfingen-Post- SV Ulm"]
[Site "?"]
[Date "2002.12.01"]
[Round "3.6"]
[White "Cieza, Arcadio"]
[Black "Doerflinger, Josef"]
[Result "1-0"]
[WhiteElo "2206"]
[BlackElo "2239"]
[PlyCount "74"]
[EventDate "2002.??.??"]

1. e4 e5 2. Nf3 Nc6 3. Bb5 a6 4. Ba4 Nf6 5. O-O Be7 6. Qe2 b5 7. Bb3 O-O 8. c3
d5 9. d3 dxe4 10. dxe4 Bd6 11. Bg5 Ne7 12. Bxf6 gxf6 13. Nh4 Ng6 14. Nf5 Bxf5
15. exf5 Nf4 16. Qe4 Kh8 17. g3 Nh3+ 18. Kg2 Ng5 19. Qc6 Qc8 20. h4 Qxf5 21.
hxg5 Qxg5 22. Bxf7 f5 23. Qf3 Rad8 24. Qh5 Qf6 25. Bb3 Bc5 26. Na3 Rd2 27. Rad1
Qc6+ 28. Kg1 Rxb2 29. Nb1 e4 30. Rd2 Rxd2 31. Nxd2 e3 32. Nf3 exf2+ 33. Kg2 Rf6
34. Rd1 Bd6 35. Qg5 Rg6 36. Qd8+ Kg7 37. Qg8+ Kf6 1-0

[Event "VfL Sindelfingen-Post- SV Ulm"]
[Site "?"]
[Date "2002.12.01"]
[Round "3.7"]
[White "Schulze, Andreas"]
[Black "Weisenburger, Horst"]
[Result "1-0"]
[WhiteElo "2160"]
[BlackElo "2003"]
[PlyCount "49"]
[EventDate "2002.??.??"]

1. e4 d5 2. exd5 Qxd5 3. Nc3 Qa5 4. Nf3 Bg4 5. Be2 Nc6 6. h3 Bh5 7. Bb5 O-O-O
8. Bxc6 bxc6 9. Qe2 e5 10. O-O Bd6 11. Ne4 f5 12. Ng3 Nf6 13. Nxh5 Nxh5 14. Ng5
Nf4 15. Qc4 Rhf8 16. d4 h6 17. Bxf4 hxg5 18. Bxg5 Rde8 19. dxe5 Rxe5 20. Rad1
Qb6 21. Rfe1 Qxb2 22. Qxc6 Rxe1+ 23. Rxe1 f4 24. Be7 Qb4 25. c3 1-0

[Event "Stuttgarter SF II-SV Marbach"]
[Site "?"]
[Date "2002.12.01"]
[Round "3.2"]
[White "Meier, Annemarie"]
[Black "Eisele, Steffen"]
[Result "0-1"]
[WhiteElo "2260"]
[BlackElo "2208"]
[PlyCount "96"]
[EventDate "2002.??.??"]

1. c4 Nc6 2. Nc3 e5 3. Nf3 g6 4. e3 Bg7 5. d4 d6 6. Be2 Bg4 7. d5 Nce7 8. e4 h6
9. h3 Bd7 10. g4 f5 11. Nd2 Nf6 12. f3 c6 13. b4 O-O 14. Qb3 Kh8 15. a4 fxe4
16. fxe4 g5 17. Nf1 Ng6 18. Ng3 Nf4 19. a5 cxd5 20. cxd5 Ng8 21. Nf5 Bxf5 22.
gxf5 Nf6 23. Bf3 Rf7 24. Be3 Nxh3 25. Rxh3 g4 26. Bxg4 Nxg4 27. Bd2 Bf6 28. Ke2
Bg5 29. Rg1 Bxd2 30. Rxg4 Bg5 31. Nb5 Rg7 32. Rgg3 Bf4 33. Rxg7 Kxg7 34. Rc3
Qg5 35. Rc7+ Kh8 36. Qf3 Rd8 37. Rxb7 Qg1 38. Qf2 Qb1 39. Nxd6 Rxd6 40. Rb8+
Kg7 41. Qxa7+ Kf6 42. Rf8+ Kg5 43. Rg8+ Kh5 44. Qf7+ Kh4 45. Qe7+ Kh3 46. Qxd6
Qc2+ 47. Kf1 Qd3+ 48. Ke1 Bd2+ 0-1

[Event "Stuttgarter SF II-SV Marbach"]
[Site "?"]
[Date "2002.12.01"]
[Round "3.3"]
[White "Brodbeck, Stefan"]
[Black "Migl, Dieter"]
[Result "0-1"]
[WhiteElo "2127"]
[BlackElo "2208"]
[PlyCount "51"]
[EventDate "2002.??.??"]

1. e4 c5 2. Nf3 d6 3. d4 cxd4 4. Nxd4 Nf6 5. Nc3 Nc6 6. Bc4 e6 7. Be3 Be7 8.
Qe2 O-O 9. O-O-O Bd7 10. Rhg1 Rc8 11. Bb3 Na5 12. f3 Nxb3+ 13. axb3 Qa5 14. Kd2
e5 15. Ra1 Qd8 16. Ndb5 a6 17. Na3 d5 18. Nxd5 Nxd5 19. exd5 Qa5+ 20. Kc1 Bf5
21. c4 Qxd5 22. Nb1 Qc6 23. Bd2 Qb6 24. Rd1 Qxb3 25. Bc3 Bg5+ 26. Nd2 0-1

[Event "Stuttgarter SF II-SV Marbach"]
[Site "?"]
[Date "2002.12.01"]
[Round "3.4"]
[White "Schmid, Hartmut"]
[Black "Lach, Bernhard"]
[Result "0-1"]
[WhiteElo "2171"]
[BlackElo "2180"]
[PlyCount "96"]
[EventDate "2002.??.??"]

1. e4 e5 2. Nf3 Nc6 3. c3 f5 4. d4 fxe4 5. Nxe5 Nf6 6. Be2 d6 7. Nc4 d5 8. Ne3
Bd6 9. b3 O-O 10. Na3 a6 11. Nac2 Ne7 12. Nf1 Ng6 13. g3 c6 14. Nce3 Bh3 15.
Bb2 Qd7 16. Qd2 a5 17. a3 a4 18. b4 b5 19. O-O-O Ng4 20. Bxg4 Bxg4 21. Nxg4
Qxg4 22. Ne3 Qf3 23. Rdf1 Rf7 24. Kc2 Raf8 25. Bc1 Ne7 26. Qe1 Nc8 27. Rhg1 Nb6
28. Qd1 Qxd1+ 29. Nxd1 Nc4 30. Rg2 Rf3 31. Re1 h6 32. Re2 Be7 33. Ne3 Nxe3+ 34.
Bxe3 Bg5 35. Kd2 Bxe3+ 36. fxe3 Kh7 37. Re1 Kg6 38. Ke2 Kg5 39. h3 h5 40. Reg1
Kh6 41. h4 R8f6 42. g4 hxg4 43. Rxg4 Rf2+ 44. Ke1 Ra2 45. Rxg7 Rxa3 46. R1g5
Ra1+ 47. Ke2 Raf1 48. Rg2 R6f2+ 0-1

[Event "Stuttgarter SF II-SV Marbach"]
[Site "?"]
[Date "2002.12.01"]
[Round "3.5"]
[White "Klaric, Zoran"]
[Black "Schmid, Wolfgang"]
[Result "1/2-1/2"]
[WhiteElo "2014"]
[BlackElo "2157"]
[PlyCount "135"]
[EventDate "2002.??.??"]

1. d4 g6 2. Nf3 Bg7 3. g3 f5 4. Bg2 Nf6 5. c4 O-O 6. O-O d6 7. Nc3 c6 8. Rb1
Na6 9. b4 Nc7 10. Bb2 Kh8 11. Qb3 Be6 12. Ng5 Bg8 13. b5 h6 14. Nh3 d5 15. Nf4
Kh7 16. bxc6 bxc6 17. cxd5 Ncxd5 18. Nfxd5 Nxd5 19. Qa4 Qd6 20. e3 Bf6 21. Rfc1
Rfc8 22. Ba3 Qd7 23. Nxd5 Bxd5 24. Rc5 e6 25. Bxd5 exd5 26. Qa6 Rc7 27. Rc2 Kg7
28. Bb4 Rb8 29. Rb3 Rb6 30. Qa4 Rcb7 31. Qa3 Kf7 32. Bf8 Rxb3 33. axb3 h5 34.
Bc5 Bd8 35. Qa4 Bb6 36. Ba3 Rc7 37. Qb4 Rc8 38. Qc3 Bd8 39. Bc5 Qb7 40. Ra2 Bb6
41. Qb4 Rc7 42. Bd6 Rd7 43. Bf4 Bd8 44. Qa4 Qb5 45. Rc2 Rb7 46. Rxc6 Qxb3 47.
Qxb3 Rxb3 48. Rd6 Bb6 49. Rxd5 a5 50. Rd7+ Ke6 51. Rd6+ Kf7 52. Be5 a4 53. Rf6+
Ke7 54. Rxg6 a3 55. d5 a2 56. Kg2 Rb4 57. Kf3 Rd4 58. Rxb6 a1=Q 59. Re6+ Kd7
60. exd4 Qh1+ 61. Kf4 Qxh2 62. Kxf5 Qxf2+ 63. Kg6 h4 64. Rd6+ Ke8 65. gxh4 Qxh4
66. Re6+ Kd7 67. Rd6+ Ke8 68. Re6+ 1/2-1/2

[Event "Stuttgarter SF II-SV Marbach"]
[Site "?"]
[Date "2002.12.01"]
[Round "3.6"]
[White "Haas, Wilhelm"]
[Black "Rabl, Joerg Steffen"]
[Result "1-0"]
[WhiteElo "2113"]
[BlackElo "2093"]
[PlyCount "77"]
[EventDate "2002.??.??"]

1. d4 d5 2. Nf3 Nf6 3. c4 c6 4. cxd5 cxd5 5. Nc3 Nc6 6. Bf4 e6 7. e3 Be7 8. h3
O-O 9. Bd3 a6 10. Rc1 Bd7 11. O-O Nh5 12. Bh2 f5 13. Ne5 Nf6 14. Nxd7 Nxd7 15.
Ne2 Rf6 16. a3 Rc8 17. Rc3 g5 18. Qc2 Qb6 19. b4 Re8 20. Rb1 Ncb8 21. Bc7 Qa7
22. b5 Rff8 23. a4 Nf6 24. b6 Qa8 25. f3 Nbd7 26. a5 Rf7 27. e4 fxe4 28. fxe4
Ref8 29. Ng3 Qe8 30. e5 Nh5 31. Nxh5 Rf2 32. Bxh7+ Kh8 33. Qg6 Qxg6 34. Bxg6
Rd2 35. Rd3 Rff2 36. Rxd2 Rxd2 37. Bd6 Bxd6 38. exd6 Rxd4 39. Be8 1-0

[Event "Stuttgarter SF II-SV Marbach"]
[Site "?"]
[Date "2002.12.01"]
[Round "3.7"]
[White "Rapp, Uwe"]
[Black "Schwarzburger, Lothar"]
[Result "1/2-1/2"]
[WhiteElo "2066"]
[BlackElo "2173"]
[PlyCount "60"]
[EventDate "2002.??.??"]

1. b3 d5 2. Bb2 e6 3. e3 Nf6 4. Nf3 Be7 5. Be2 O-O 6. O-O c5 7. d4 b6 8. c4 Bb7
9. Nc3 Nc6 10. Rc1 cxd4 11. exd4 Rc8 12. Re1 dxc4 13. bxc4 Na5 14. Na4 Ba6 15.
c5 Bxe2 16. Qxe2 Qd7 17. Qd1 Nd5 18. Ba3 Rfd8 19. Nb2 bxc5 20. dxc5 Bf6 21. Ne5
Qc7 22. Qe2 Nf4 23. Qe4 Rd5 24. Nbd3 Bxe5 25. Nxe5 Rxe5 26. Qxe5 Qxe5 27. Rxe5
Nd3 28. Ree1 Nxe1 29. Rxe1 Nc4 30. Bb4 Nb2 1/2-1/2